<?xml version="1.0" encoding="UTF-8"?>
<marc:record xmlns:marc="http://www.loc.gov/MARC21/slim">
   <marc:leader>00000nam a2200000 a 4500</marc:leader>
   <marc:datafield ind1="1" ind2=" " tag="100">
      <marc:subfield code="a">Bonnet, Sophie</marc:subfield>
      <marc:subfield code="4">aut</marc:subfield>
      <marc:subfield code="e">Verfasser/-in</marc:subfield>
   </marc:datafield>
   <marc:datafield ind1="0" ind2="0" tag="245">
      <marc:subfield code="a">Provenzalischer Stolz</marc:subfield>
   </marc:datafield>
   <marc:datafield ind1="0" ind2="0" tag="245">
      <marc:subfield code="b">ein Fall für Pierre Durand</marc:subfield>
   </marc:datafield>
   <marc:datafield ind1="0" ind2="0" tag="245">
      <marc:subfield code="c">Sophie Bonnet</marc:subfield>
   </marc:datafield>
   <marc:datafield ind1=" " ind2="1" tag="264">
      <marc:subfield code="a">München</marc:subfield>
      <marc:subfield code="b">Blanvalet</marc:subfield>
      <marc:subfield code="c">2020</marc:subfield>
   </marc:datafield>
   <marc:datafield ind1="1" ind2=" " tag="490">
      <marc:subfield code="a">Blanvalet</marc:subfield>
      <marc:subfield code="v">1016</marc:subfield>
   </marc:datafield>
   <marc:datafield ind1=" " ind2=" " tag="250">
      <marc:subfield code="a">1. Aufl.</marc:subfield>
   </marc:datafield>
   <marc:datafield ind1="1" ind2=" " tag="520">
      <marc:subfield code="a">Die Angst geht um in der Camargue. Während Pierre Durand in einem Hausboot durch das Rhônedelta fährt, um über seine berufliche Zukunft nachzudenken, verbreitet sich ein Kettenbrief mit einer Weissagung, die den Tod dreier Sünder ankündigt. Tatsächlich wird kurz darauf ein Toter mit geschwärztem Gesicht aufgefunden. Es handelt sich um einen Kriminalbeamten, der verdeckt im Milieu der »gens du voyage« ermittelt hatte. Doch es gibt einen Zeugen, der sich an Bord von Pierres Hausboot versteckt und behauptet, sein Gedächtnis verloren zu haben. Der Präfekt bittet den ehemaligen Dorfpolizisten um Unterstützung. Mit Hilfe einer »gitane« versucht Pierre, dem Geheimnis der Kettenbriefe auf die Spur zu kommen. Alles deutet auf einen Konflikt zwischen den Kulturen hin, doch ein weiterer Mord rückt die Verbrechen in ein neues Licht. Pierre erkennt, dass er auf sei&lt;br/&gt;ne Intuition vertrauen muss, um zu verhindern, dass sich auch noch der letzte Teil der Prophezeiung erfüllt ...(Verlagstext)</marc:subfield>
   </marc:datafield>
   <marc:datafield ind1=" " ind2=" " tag="020">
      <marc:subfield code="a">9783734110160</marc:subfield>
      <marc:subfield code="9">9783734110160</marc:subfield>
   </marc:datafield>
   <marc:datafield ind1=" " ind2=" " tag="041">
      <marc:subfield code="a">ger</marc:subfield>
   </marc:datafield>
   <marc:datafield ind1=" " ind2=" " tag="300">
      <marc:subfield code="b">Kt.</marc:subfield>
   </marc:datafield>
   <marc:datafield ind1="1" ind2=" " tag="521">
      <marc:subfield code="a">0</marc:subfield>
   </marc:datafield>
   <marc:datafield ind1=" " ind2=" " tag="300">
      <marc:subfield code="a">362 S.</marc:subfield>
   </marc:datafield>
</marc:record>
